Detalles MARC
| 000 -LÍDER |
| Campo fijo de descripción fija |
01436nam a22004454i 4500 |
| 001 - NÚMERO DE CONTROL |
| Campo de control |
302812 |
| 003 - IDENTIFICADOR DEL NÚMERO DE CONTROL |
| Campo de control |
CO-MdFUSB |
| 005 - FECHA Y HORA DE LA ULTIMA TRANSACCIÓN |
| control field |
20240530084538.0 |
| 008 - ELEMENTOS DE LONGITUD FIJA -- INFORMACIÓN GENERAL |
| Campo fijo de descripción fija -- Información general |
901107s1989 enkabf 00000 eng d |
| 010 ## - NÚMERO DE CONTROL DE LA BIBLIOTECA DEL CONGRESO |
| Número de control LC |
gb 89028569 |
| 020 ## - NÚMERO INTERNACIONAL NORMALIZADO PARA LIBROS |
| Número Internacional Normalizado del libro |
0851106412 : |
| Términos de disponibilidad |
£8.95 |
| 020 ## - NÚMERO INTERNACIONAL NORMALIZADO PARA LIBROS |
| Número Internacional Normalizado del libro |
0745918190 (Lion) |
| 020 ## - NÚMERO INTERNACIONAL NORMALIZADO PARA LIBROS |
| Número Internacional Normalizado del libro |
0851109438 (IVP ELT ed.) |
| 020 ## - NÚMERO INTERNACIONAL NORMALIZADO PARA LIBROS |
| Número Internacional Normalizado del libro |
084234697X (U. S.) |
| 040 ## - FUENTE DE CATALOGACIÓN |
| Agencia de catalogación original |
Uk |
| Agencia que realiza la modificación |
DLC |
| -- |
CStRLIN |
| -- |
NjPT |
| Idioma de catalogación |
spa |
| Agencia que realiza la transcripción |
CO-MdFUSB |
| Convenciones de la descripción |
rda |
| 041 ## - CÓDIGO DE IDIOMA |
| Código de idioma para texto/pista de sonido o título separado |
eng |
| 082 04 - NÚMERO DE CLASIFICACIÓN DECIMAL DEWEY |
| Número de clasificación |
220.3 |
| Número de la edición del Dewey |
23 |
| Clave de autor-Numero de item |
W721 |
| 245 00 - TÍTULO |
| Título del Material |
New concise Bible dictionary |
| Mención de responsabilidad, etc. |
/ editor Derek Williams. |
| 264 #1 - PRODUCCIÓN, PUBLICACIÓN, DISTRIBUCIÓN, MANUFACTURA, Y COPYRIGHT |
| Lugar de producción, publicación, distribución, manufactura |
Oxford, Inglaterra : |
| Nombre del productor, publicador, distribuidor |
InterVarsity Press, |
| Fecha de producción, publicación, distribución, manufactura, o copyright |
℗[1989] |
| 264 #4 - PRODUCCIÓN, PUBLICACIÓN, DISTRIBUCIÓN, MANUFACTURA, Y COPYRIGHT |
| Fecha de producción, publicación, distribución, manufactura, o copyright |
©1989 |
| 300 ## - DESCRIPCIÓN FÍSICA |
| Extensión |
xii, 595 páginas ; |
| Dimensiones |
22 cm. |
| 336 ## - TIPO DE CONTENIDO |
| Fuente |
rdacontent |
| Término de tipo de contenido |
texto |
| Código de tipo de contenido |
txt |
| 337 ## - TIPO DE MEDIO |
| Fuente |
rdamedia |
| Nombre del tipo de medio |
sin mediación |
| Código del tipo de medio |
n |
| 338 ## - TIPO DE SOPORTE |
| Fuente |
rdacarrier |
| Nombre del tipo de soporte |
volumen |
| Código Tipo de soporte |
nc |
| 505 ## - NOTA DE CONTENIDO |
| Título |
Una palabra del editor. -- |
| -- |
Cómo sacar lo mejor de este diccionario. -- |
| -- |
Abreviaciones. -- |
| -- |
Artículos del diccionario. |
| 563 ## - NOTA DE ENCUADERNACIÓN |
| Nota de encuadernación |
Tapa rústica |
| 650 #7 - ASIENTO SECUNDARIO DE MATERIA - TERMINO TEMÁTICO |
| 9 (RLIN) |
423 |
| Término temático o nombre geográfico como elemento de entrada |
Enciclopedias y diccionarios |
| 700 10 - ASIENTO SECUNDARIO - NOMBRE PERSONAL |
| Nombre personal |
Williams, Derek, |
| Fechas asociadas con el nombre |
1945- |
| Responsabilidad |
editor |
| 886 2# - FOREIGN MARC INFORMATION FIELD |
| 2 |
UK MARC |
| a |
690 |
| b |
00 z11030 cBible |
| 886 2# - FOREIGN MARC INFORMATION FIELD |
| 2 |
UK MARC |
| a |
691 |
| b |
00 a0069051 |
| 886 2# - FOREIGN MARC INFORMATION FIELD |
| 2 |
UK MARC |
| a |
692 |
| b |
00 a0005924 |
| 942 ## - TIPO DE MATERIAL (KOHA) |
| Tipo de Item KOHA |
Libros de Referencia |
| 945 ## - INFORMACIÓN LOCAL DEL REGISTRO |
| Catalogador |
JTF-925 |